Hybrid rice for food security poverty alleviation and environmental protection

Gardado en:
Detalles Bibliográficos
Formato: Libro
Idioma:Undetermined
Publicado: Manila, Philippines IRRI 2003
Những chủ đề:
Các nhãn: Engadir etiqueta
Sen Etiquetas, Sexa o primeiro en etiquetar este rexistro!
Thư viện lưu trữ: Trung tâm Học liệu Trường Đại học Cần Thơ
LEADER 00540nam a2200169Ia 4500
001 CTU_59773
008 210402s9999 xx 000 0 und d
082 |a 338.18 
082 |b H992 
245 0 |a Hybrid rice for food security poverty alleviation and environmental protection 
245 0 |c Edited by S. S. Virmani, C. X. Mao and B. Hardy 
260 |a Manila, Philippines 
260 |b IRRI 
260 |c 2003 
650 |a agriculture and state,farm management 
904 |i Minh 
980 |a Trung tâm Học liệu Trường Đại học Cần Thơ